| 000 | 00486nam a22001697a 4500 | ||
|---|---|---|---|
| 005 | 20230826102217.0 | ||
| 008 | 160114b xxu||||| |||| 00| 0 eng d | ||
| 040 | _aLoreto College | ||
| 082 |
_a915.42 _bKAZ |
||
| 100 |
_aKazami ,Takehide _qTakehide Kazami |
||
| 245 |
_aThe himalayas a journey to nepal _b;this beautiful world _cTakehide Kazami |
||
| 260 |
_aBombay _bAllied publishers |
||
| 300 | _a154p. | ||
| 650 | _aGeography of & travel in Asia | ||
| 850 | _aLCLIB | ||
| 942 | _cBK | ||
| 999 |
_c40293 _d90772 |
||